Storia del pensiero filosofico e scientifico.

Sábháilte in:
Sonraí bibleagrafaíochta
Príomhchruthaitheoir: Geymonat, Ludovico (autore)
Formáid: LEABHAR
Teanga:Béarla
Foilsithe / Cruthaithe: Milano, Italia: Aldo Garzanti, 1970-1972.
Eagrán:I edizione.
Ábhair:
Clibeanna: Cuir clib leis
Níl clibeanna ann, Bí ar an gcéad duine le clib a chur leis an taifead seo!

MARC

LEADER 00000nam a2200000 a 4500
001 UCV1454
003 CL-VaPUC
005 20220822114503.0
008 220614b19711972 ||||| |||| 00| 0 eng d
999 |c 436002  |d 436000 
040 |c Pontificia Universidad Católica de Valparaíso 
082 0 4 |a 109 GEY 1970 (v.I-II)  |2 21 
082 0 4 |a 109 GEY 1971 (v.III-IV-V)  |2 21 
082 0 4 |a 109 GEY 1972 (v.VI) 
100 |a Geymonat, Ludovico  |e autore  |9 371033 
245 1 0 |a Storia del pensiero filosofico e scientifico. 
250 |a I edizione. 
260 |a Milano, Italia:  |b Aldo Garzanti,   |c 1970-1972. 
300 |a 11 volúmenes  
500 |a v.I-v.VI: c.1 Donación Familia Prof. Alejandro Guzmán Brito. 
505 |a Vol. 1: L'antichità - Il Medioevo / con specifici contributi di Giani Micheli ... [et al.]. Vol. 2: Il Cinquecento - Il Seicento / con specifici contributi di Corrado Mangione ... [et al.]. Vol. 3: Il Settecento / con specifici contributi di Corrado Mangione ... [et al.]. Vol. 4: L'Ottocento / con specifici contributi di Corrado Mangione ... [et al.]. -- Vol. 5: Dall'Ottocento al Novecento / con specifici contributi di Ugo Giacomini ... [et al.]. -- Vol. 6: Il Novecento / con specifici contributi di Ugo Giacomini ... [et al.]. -- 
583 |a last modification  |c 19900626 00:00:00  |k Cristina María Rojas Aguilar 
650 0 |a Filosofía   |9 223554 
650 0 |a Filosofía de las ciencias  |9 256466 
942 |c BK  |2 ddc  |n 0 
952 |0 0  |1 0  |2 ddc  |4 0  |6 109_000000000000000_GEY_1971  |7 0  |8 C_AGB  |9 583672  |a BIBDER  |b BIBDER  |d 2022-06-14  |e Donación   |h v.III  |i 5651800  |o 109 GEY 1971  |p 5651800  |r 2023-01-25  |t 1  |w 2022-06-14  |y BK_US  |k AGB 
952 |0 0  |1 0  |2 ddc  |4 0  |6 109_000000000000000_GEY_1971  |7 0  |8 C_AGB  |9 583673  |a BIBDER  |b BIBDER  |d 2022-06-14  |e Donación   |h v.IV  |i 5651801  |o 109 GEY 1971  |p 5651801  |r 2023-01-25  |t 1  |w 2022-06-14  |y BK_US  |k AGB 
952 |0 0  |1 0  |2 ddc  |4 0  |6 109_000000000000000_GEY_1971  |7 0  |8 C_AGB  |9 583674  |a BIBDER  |b BIBDER  |d 2022-06-14  |e Donación   |h v.V  |i 5651802  |o 109 GEY 1971   |p 5651802  |r 2023-01-25  |t 1  |w 2022-06-14  |y BK_US  |k AGB 
952 |0 0  |1 0  |2 ddc  |4 0  |6 109_000000000000000_GEY_1972  |7 0  |8 C_AGB  |9 583675  |a BIBDER  |b BIBDER  |d 2022-06-14  |e Donación   |h v.VI  |i 5651803  |o 109 GEY 1972  |p 5651803  |r 2023-01-25  |t 1  |w 2022-06-14  |y BK_US  |k AGB 
952 |0 0  |1 0  |2 ddc  |4 0  |6 109_000000000000000_GEY_1970  |7 0  |8 C_AGB  |9 585883  |a BIBDER  |b BIBDER  |d 2022-08-05  |e Donación   |h v.I  |i 5652219  |o 109 GEY 1970   |p 5652219  |r 2023-01-25  |t 1  |w 2022-08-05  |y BK_US  |k AGB 
952 |0 0  |1 0  |2 ddc  |4 0  |6 109_000000000000000_GEY_1970  |7 0  |8 C_AGB  |9 585884  |a BIBDER  |b BIBDER  |d 2022-08-05  |e Donación   |h v.II  |i 5652220  |o 109 GEY 1970   |p 5652220  |r 2023-01-25  |t 1  |w 2022-08-05  |y BK_US  |k AGB